Vista normal
Vista MARC
Entrada Personal Name
Número de registros utilizados en: 5
001 - CONTROL NUMBER
- control field: 7213
003 - CONTROL NUMBER IDENTIFIER
- control field: OSt
005 - DATE AND TIME OF LATEST TRANSACTION
- control field: 20200714145130.0
008 - FIXED-LENGTH DATA ELEMENTS
- fixed length control field: 200714|| aca||aabn | a|a d
040 ## - CATALOGING SOURCE
- Original cataloging agency: OSt
- Transcribing agency: OSt
100 ## - HEADING--PERSONAL NAME
- Personal name: Junguito, Roberto
670 ## - SOURCE DATA FOUND
- Source citation: Work cat.: (OSt)5573: Núñez, Rafael, autor 7209, Escritos económicos /, 2014.